Estudios de Economa̕

Bibliographic Details
Format: Unknown
Language:Spanish
Published: [s.l]: Universidad de Chile
Subjects:
Online Access:Acceso restringido

MARC

LEADER 00000ny a22000003n 4500
005 20110516110538.0
008 070206s19uu9999xx r p s 0 a0spa d
022 |a 0304-2758 
035 |a 5163 
040 |a BUS  |d vLex 
090 |c 1933  |d 1933 
245 3 |a Estudios de Economa̕  |h [Recurso electrn̤ico] 
256 |a Servicio en ln̕ea 
260 |a [s.l]:  |b Universidad de Chile 
506 1 |a Contenido solo disponible en los productos indicados  |d vLex Global  |d vLex Global (Academic Edition, excluding Law Schools)  |d vLex Global (U.S. Academic Edition, excluding Law Schools) 
650 0 4 |a Economa̕ 
740 |a vLex Revista (Servicios en ln̕ea) 
843 |a Electrn̤ica. Abierta 
853 |8 1  |i (year)  |j (month)  |k (day) 
856 4 0 |z Acceso restringido  |u http://vlex.com/account/login_ip?fuente_id=5163 
942 |c REV